Musik als literarisches und als musikalisches Sujet: zur kompositorischen Rezeption der Novellen Asja und Klara Milič
Saved in:
| Main Author: | |
|---|---|
| Format: | Chapter/Article Conference Paper |
| Language: | German |
| Published: |
2020
|
| In: |
Ivan Turgenev und die europäische Musikkultur
Year: 2020, Pages: 271-290 |
| Online Access: |
|
| Author Notes: | Dorothea Redepenning |
MARC
| LEADER | 00000caa a22000002c 4500 | ||
|---|---|---|---|
| 001 | 175274053X | ||
| 003 | DE-627 | ||
| 005 | 20220819150659.0 | ||
| 007 | cr uuu---uuuuu | ||
| 008 | 210330s2020 xx |||||o 00| ||ger c | ||
| 035 | |a (DE-627)175274053X | ||
| 035 | |a (DE-599)KXP175274053X | ||
| 035 | |a (OCoLC)1341401838 | ||
| 040 | |a DE-627 |b ger |c DE-627 |e rda | ||
| 041 | |a ger | ||
| 084 | |a 48 |2 sdnb | ||
| 100 | 1 | |a Redepenning, Dorothea |d 1954- |e VerfasserIn |0 (DE-588)110638247 |0 (DE-627)521940842 |0 (DE-576)162676123 |4 aut | |
| 245 | 1 | 0 | |a Musik als literarisches und als musikalisches Sujet |b zur kompositorischen Rezeption der Novellen Asja und Klara Milič |c Dorothea Redepenning |
| 264 | 1 | |c 2020 | |
| 300 | |a 20 | ||
| 336 | |a Text |b txt |2 rdacontent | ||
| 337 | |a Computermedien |b c |2 rdamedia | ||
| 338 | |a Online-Ressource |b cr |2 rdacarrier | ||
| 773 | 0 | 8 | |i Enthalten in |a Ivan Turgenev und die europäische Musikkultur (Veranstaltung : 2018 : Heidelberg) |t Ivan Turgenev und die europäische Musikkultur |d Heidelberg : Universitätsverlag Winter, 2020 |g (2020), Seite 271-290 |h 1 Online-Ressource (357 Seiten) |w (DE-627)1729146678 |z 9783825378813 |7 nnam |
| 773 | 1 | 8 | |g year:2020 |g pages:271-290 |g extent:20 |a Musik als literarisches und als musikalisches Sujet zur kompositorischen Rezeption der Novellen Asja und Klara Milič |
| 776 | 0 | 8 | |i Erscheint auch als |n Druck-Ausgabe |a Redepenning, Dorothea, 1954 - |t Musik als literarisches und als musikalisches Sujet |d 2020 |w (DE-627)1752740750 |
| 951 | |a AR | ||
| 992 | |a 20210330 | ||
| 993 | |a ConferencePaper | ||
| 994 | |a 2020 | ||
| 998 | |g 110638247 |a Redepenning, Dorothea |m 110638247:Redepenning, Dorothea |d 70000 |d 72000 |d 72060 |e 70000PR110638247 |e 72000PR110638247 |e 72060PR110638247 |k 0/70000/ |k 1/70000/72000/ |k 2/70000/72000/72060/ |p 1 |x j |y j | ||
| 999 | |a KXP-PPN175274053X |e 3897586878 | ||
| BIB | |a Y | ||
| JSO | |a {"origin":[{"dateIssuedDisp":"2020","dateIssuedKey":"2020"}],"recId":"175274053X","title":[{"title":"Musik als literarisches und als musikalisches Sujet","subtitle":"zur kompositorischen Rezeption der Novellen Asja und Klara Milič","title_sort":"Musik als literarisches und als musikalisches Sujet"}],"relHost":[{"recId":"1729146678","title":[{"title_sort":"Ivan Turgenev und die europäische Musikkultur","title":"Ivan Turgenev und die europäische Musikkultur"}],"physDesc":[{"noteIll":"Illustrationen, Notenbeispiele","extent":"1 Online-Ressource (357 Seiten)"}],"relMultPart":[{"disp":"Beiträge zur neueren Literaturgeschichte","type":{"bibl":"serial","media":"Online-Ressource"},"physDesc":[{"extent":"Online-Ressource"}],"dispAlt":"Beiträge zur neueren Literaturgeschichte","language":["ger"],"id":{"eki":["1049601343"],"zdb":["2963632-2"]},"part":{"number":["Band 397"],"number_sort":["397"]},"pubHistory":["[Folge 3], Band 323 [?]-"],"title":[{"title":"Beiträge zur neueren Literaturgeschichte","title_sort":"Beiträge zur neueren Literaturgeschichte"}],"recId":"1049601343","origin":[{"dateIssuedDisp":"[2014?]-","publisherPlace":"Heidelberg","publisher":"Universitätsverlag Winter"}],"note":["Gesehen am 21.02.2019"]}],"origin":[{"dateIssuedDisp":"[2020]","publisherPlace":"Heidelberg","dateIssuedKey":"2020","publisher":"Universitätsverlag Winter"}],"type":{"media":"Online-Ressource","bibl":"book"},"person":[{"given":"Dorothea","family":"Redepenning","display":"Redepenning, Dorothea","role":"edt"},{"given":"Arno","display":"Breitenbach, Arno","family":"Breitenbach","role":"ctb"},{"role":"ctb","given":"Johanna","family":"Düe","display":"Düe, Johanna"}],"disp":"Ivan Turgenev und die europäische Musikkultur (Veranstaltung : 2018 : Heidelberg)Ivan Turgenev und die europäische Musikkultur","corporate":[{"role":"aut","display":"Ivan Turgenev und die europäische Musikkultur (2018, Heidelberg)"}],"name":{"displayForm":["herausgegeben von Dorothea Redepenning ; unter Mitarbeit von Arno Breitenbach und Johanna Düe"]},"language":["ger","eng"],"id":{"eki":["1729146678"],"isbn":["9783825378813"]},"part":{"year":"2020","text":"(2020), Seite 271-290","pages":"271-290","extent":"20"}}],"id":{"eki":["175274053X"]},"language":["ger"],"name":{"displayForm":["Dorothea Redepenning"]},"type":{"media":"Online-Ressource","bibl":"chapter"},"physDesc":[{"extent":"20 S."}],"person":[{"family":"Redepenning","given":"Dorothea","display":"Redepenning, Dorothea","role":"aut"}]} | ||
| SRT | |a REDEPENNINMUSIKALSLI2020 | ||